|
|
|
|
| LEADER |
00000cam a2200000 7i4500 |
| 001 |
0000007863 |
| 002 |
000008436 |
| 005 |
20081230.0 |
| 020 |
|
|
|a 9836223827
|
| 090 |
0 |
0 |
|a 928.9923
|b TAL
|
| 100 |
0 |
|
|a Talib Samat
|
| 245 |
1 |
0 |
|a Syed Syeikh Al-Hadi :
|b sasterawan progresif melayu
|c Talib Samat
|
| 260 |
|
|
|a Kuala Lumpur :
|b DBP ,
|c 1992
|
| 300 |
|
|
|a 205p. :
|b ill. ;
|c 19cm.
|
| 600 |
0 |
0 |
|a Al-Hadi, Al-Syed,Sheikh ,
|d 1867-1934
|
| 650 |
0 |
0 |
|a Authors, Malay
|x Biography
|
| 650 |
0 |
0 |
|a Ulama
|z Malaysia
|x Biography
|
| 999 |
|
|
|a 051901
|b BUKU
|c PINJAMAN
|e PERPUSTAKAAN KOMUNITI PETALING JAYA
|
| 999 |
|
|
|a 054291
|b BUKU
|c MALAYSIANA
|e PERPUSTAKAAN KOMUNITI PETALING JAYA
|